Statistics for Државе на слово Г

Click here to take the quiz!

General Stats

  • This quiz has been taken 614 times
  • The average score is 7 of 10

Answer Stats

Држава% Correct
Гана
86%
Грузија
85%
Грчка
84%
Гвинеја
82%
Гватемала
67%
Габон
65%
Гамбија
65%
Гвајана
58%
Гвинеја Бисао
54%
Гренада
43%

Score Distribution

Percentile by Number Answered

Percent of People with Each Score

Your Score History

You have not taken this quiz